Statistics for Batman: Arkham Origins Assassins

Click here to take the quiz!

General Stats

  • This quiz has been taken 361 times
  • The average score is 4 of 8

Answer Stats

Assassin NameReal Name% Correct
DeathstrokeSlade Wilson
88%
Killer CrocWaylon Jones
79%
DeadshotFloyd Lawton
66%
FireflyGarfield Lynns
51%
The ElectrocutionerLester Buchinsky
33%
Lady ShivaSandra Wu-San
22%
BaneUnknown
17%
CopperheadUnknown
17%

Score Distribution

Percentile by Number Answered

Percent of People with Each Score

Your Score History

You have not taken this quiz